| 000 | 00464nam a2200181Ia 4500 | ||
|---|---|---|---|
| 001 | 13169 | ||
| 005 | 20260306163034.0 | ||
| 008 | 260306t2016||||xx |||||||||||||| ||spa|| | ||
| 041 | _aESP | ||
| 082 |
_a001.4 _bS745 |
||
| 100 |
_aShneiderman, Ben _eAUT |
||
| 245 | 4 |
_aThe new ABCs of research: _bachieving breakthrough collaborations |
|
| 260 | _c2016 | ||
| 300 |
_axiv, 317 páginas : _c24 cm. |
||
| 650 | _aGEN | ||
| 654 | _aCHU | ||
| 942 |
_cLIB _dJUS _fJUS _2ddc _n |
||
| 999 |
_c13169 _d13169 |
||